Obálka Náhled e-knihy:
PDF Epub
Pro půjčování e-knih musíte být přihlášeni.
Jak si půjčit online?

Koruna snů. Když padaly hvězdy /

Fantasy román českého autora vypráví spletitý příběh o tom, jak ze světa zmizí veškerá kouzelná moc. Přesto se zdá, že se pomalu do světa lidí navrací a je třeba vypátrat zdroj, dříve než bude pozdě.

Uloženo v:
Série:Koruna snů, část 1
Hlavní autor: Kucin, Jan, 1990- (Autor)
Médium: E-kniha
Jazyk:Czech
Vydáno: Brno : Host, 2021
Vydání:První vydání
Témata:
Příbuzné jednotky:Z cyklu:: Koruna snů
Tagy:
Žádné tagy
LEADER 02295nam a2200409 i 4500
001 311476
003 CZ PrSKC
005 20260601215706.0
007 ta
008 210930s2021 xr g 000 f cze
015 |a cnb003362054 
020 |a 9788027507917  |q (vázáno) 
035 |a (OCoLC)1284973529 
040 |a ABG001  |b cze  |d ABA001  |e rda 
072 7 |a 821.162.3-3  |x Česká próza  |2 Konspekt 
080 |a 821.162.3-31  |2 MRF 
080 |a (0:82-312.9)  |2 MRF 
100 1 |a Kucin, Jan,  |d 1990-  |7 xx0264430  |4 aut 
245 1 0 |a Koruna snů.  |p Když padaly hvězdy /  |c Jan Kucin 
246 3 0 |a Když padaly hvězdy 
250 |a První vydání 
264 1 |a Brno :  |b Host,  |c 2021 
300 |a 587 stran ;  |c 21 cm 
336 |a text  |b txt  |2 rdacontent 
337 |a bez média  |b n  |2 rdamedia 
338 |a svazek  |b nc  |2 rdacarrier 
520 2 |a Fantasy román českého autora vypráví spletitý příběh o tom, jak ze světa zmizí veškerá kouzelná moc. Přesto se zdá, že se pomalu do světa lidí navrací a je třeba vypátrat zdroj, dříve než bude pozdě.  |b Erik je synem nejbohatšího šlechtice Elisianského království. Jeho bezpečný a poklidný život, soustředěný na studia a knihy, se však ze dne na den zcela změní. S dávným otcovým přítelem, legendárním stárnoucím pirátem Solomonem Hejkem, se Erik vydává na výpravu za tajemným magickým stromem. Cesta je zavede do pustých lesů Vrbenské vrchoviny, kterou obývají záhadní Lovci a kde se stíny minulosti noří do stále temnějších hlubin. Nakladatelská anotace. Kráceno. 
655 7 |a české romány  |7 fd133974  |2 czenas 
655 7 |a fantasy romány  |7 fd184199  |2 czenas 
655 9 |a Czech fiction  |2 eczenas 
655 9 |a fantasy novels  |2 eczenas 
787 0 8 |i Z cyklu:  |t Koruna snů  |g 1 
900 |a ABA001  |b 20 
044 |a xr 
910 |a RBIT002 
998 |d 340787  |a https://core.palmknihy.cz/api/books/340787/cover?r30ztg  |b https://core.palmknihy.cz/api/books/340787/cover/400?r30ztg  |c https://core.palmknihy.cz/api/books/340787/cover/50?r30ztg  |e 2027-12-31  |g 589  |i 9788027507917  |j https://core.palmknihy.cz/api/books/340787/preview.epub  |k https://core.palmknihy.cz/api/books/340787/preview.pdf  |l   |q 49  |r 1  |s https://www.palmknihy.cz/kniha/340787  |t ebook  |y 2021  |z 0  |v Koruna snů  |w 1 
999 |d 311474